Electrical fire analysis / (Record no. 18651)
[ view plain ]
| 000 -LEADER | |
|---|---|
| fixed length control field | 00605cam a2200217 a 4500 |
| 020 ## - INTERNATIONAL STANDARD BOOK NUMBER | |
| ISBN | 9780398079550 (hard) |
| 020 ## - INTERNATIONAL STANDARD BOOK NUMBER | |
| ISBN | 0398079552 (hard) |
| 020 ## - INTERNATIONAL STANDARD BOOK NUMBER | |
| ISBN | 9780398079567 (pbk.) |
| 020 ## - INTERNATIONAL STANDARD BOOK NUMBER | |
| ISBN | 0398079560 (pbk.) |
| 040 ## - CATALOGING SOURCE | |
| Transcribing agency | DLC |
| 082 00 - DEWEY DECIMAL CLASSIFICATION NUMBER | |
| Classification number | 363 CCT 2010 C150 Or. |
| 100 1# - MAIN ENTRY--AUTHOR NAME | |
| Personal name | Yereance, Robert A., |
| 245 10 - TITLE STATEMENT | |
| Title | Electrical fire analysis / |
| 250 ## - EDITION STATEMENT | |
| Edition statement | 3rd ed |
| 260 ## - PUBLICATION, DISTRIBUTION, ETC. (IMPRINT) | |
| Place of publication | Springfield, Ill. : |
| Name of publisher | Charles C. Thomas, |
| Year of publication | c2010 |
| 300 ## - PHYSICAL DESCRIPTION | |
| Number of Pages | xiii, 286 p. : |
| Other physical details | ill. ; |
| Dimensions | 27 cm |
| 650 #0 - SUBJECT ADDED ENTRY--TOPICAL TERM | |
| Topical Term | Fire investigation |
| 650 #0 - SUBJECT ADDED ENTRY--TOPICAL TERM | |
| Topical Term | Electric apparatus and appliances |
| 700 1# - ADDED ENTRY--PERSONAL NAME | |
| Personal name | Kerkhoff, Todd |
| 942 ## - ADDED ENTRY ELEMENTS (KOHA) | |
| Koha item type | ADB |
| 952 ## - LOCATION AND ITEM INFORMATION (KOHA) | |
| Withdrawn status [LOCAL, KOHA] | 0 |
| Source of acquisition | Permanent Location | Date acquired | Koha item type | Lost status | Shelving location | Current Location | Full call number |
|---|---|---|---|---|---|---|---|
| A38585 | Library Block C | 2019-12-31 | សៀវភៅភាសាអង់គ្លេស | C150 | Library Block C | 363 CCT 2010 C150 Or. |